Perspektíva južnej dimenzie Európskej susedskej politiky dizertačná práca

Salvato in:
Dettagli Bibliografici
Autore principale: Štubniak, Marek
Ente Autore: Obchodná fakulta EU. Katedra medzinárodného obchodu
Altri autori: Čiderová, Denisa, 1977-
Natura: Libro
Lingua:slovacco
Pubblicazione: Bratislava 2017
Soggetti:
Tags: Aggiungi Tag
Nessun Tag, puoi essere il primo ad aggiungerne!!

MARC

LEADER 00000nbm a2200000 4500
001 0234290
005 20230302104106.9
041 0 |a slo 
044 |a SK 
245 1 0 |a Perspektíva južnej dimenzie Európskej susedskej politiky  |b dizertačná práca  |c Marek Štubniak ; školiteľ: Denisa Čiderová 
264 1 |a Bratislava  |c 2017 
300 |a 236 s. 
610 2 0 |a politika zahraničná 
610 2 0 |a vzťahy politické medzinárodné 
610 2 0 |a vzťahy hospodárske medzinárodné 
610 2 0 |a geopolitika 
610 2 0 |a migrácia 
610 2 0 |a Európa 
100 1 |a Štubniak, Marek 
700 1 |a Čiderová, Denisa, 1977- 
710 2 |a Obchodná fakulta EU. Katedra medzinárodného obchodu